[Event "Autumn Chess Of Love"]
[Site "SchemingMind.com"]
[Date "2020.11.27"]
[Round "-"]
[White "Mitch The Man"]
[Black "ray winteringham"]
[Result "0-1"]
[WhiteCountry "USA"]
[BlackCountry "ENG"]
[WhiteElo "1293"]
[WhiteRD "67"]
[BlackElo "1512"]
[BlackRD "49"]
[GameID "462472"]

1. e4 h6 2. e5 d5 3. d4 Bf5 4. Bd3 Bxd3 5. Qxd3 e6 6. Nf3 Bb4+ 7. c3 Ba5 8. O-O Nd7 9. b4 Bb6 10. Nbd2 Ne7
11. Nb3 O-O 12. a4 c6 13. a5 Bc7 14. Nc5 Nxc5 15. bxc5 Bxa5 16. Bb2 Bc7 17. Ra3 b6 18. cxb6 axb6 19. Rxa8 Qxa8 20. Ra1 Qd8
21. Qd1 c5 22. Ba3 c4 23. Bxe7 Qxe7 24. Ra7 Rc8 25. Qa4 Qd8 26. g3 Rb8 27. Qc6 Rc8 28. Qb5 Ra8 29. Rxa8 Qxa8 30. Qd7 Qd8
31. Qxd8+ Bxd8 32. Nd2 b5 33. Nb1 Be7 34. Kg2 b4 35. cxb4 Bxb4
0-1

[Event "Autumn Chess Of Love"]
[Site "SchemingMind.com"]
[Date "2020.11.27"]
[Round "-"]
[White "ray winteringham"]
[Black "Mitch The Man"]
[Result "1-0"]
[WhiteCountry "ENG"]
[BlackCountry "USA"]
[WhiteElo "1512"]
[WhiteRD "49"]
[BlackElo "1293"]
[BlackRD "67"]
[GameID "462473"]

1. h3 e5 2. e4 Nc6 3. Nf3 Be7 4. Bc4 Bf6 5. d3 Nge7 6. O-O O-O 7. a3 a6 8. Be3 Na5 9. Nbd2 Nxc4 10. Rb1 Nxe3
11. fxe3 d6 12. d4 Bd7 13. c3 b5 14. d5 c6 15. b4 cxd5 16. exd5 Qb6 17. Qe2 Nxd5 18. c4 Nxe3 19. Qf2 e4 20. Nh2 Bh4
21. g3 Bxg3 22. Qxg3 Nxf1+ 23. Kxf1 Qd4 24. Ke2 bxc4 25. Rg1 g6 26. Rd1 c3 27. Ndf1 Bb5+ 28. Ke1 Bd3 29. Ne3 c2 30. Nxc2 Qc3+
31. Rd2 Rad8 32. Ng4 Qb2 33. Nce3 Qc1+ 34. Nd1 Bc2 35. Qc3 Rc8 36. Nf6+ Kg7 37. Ne8+ Kh6 38. Qg7+ Kg5 39. h4+
1-0

[Event "Autumn Chess Of Love"]
[Site "SchemingMind.com"]
[Date "2020.12.15"]
[Round "-"]
[White "Mitch The Man"]
[Black "cnile"]
[Result "1-0"]
[WhiteCountry "USA"]
[BlackCountry "SCO"]
[WhiteElo "1336"]
[WhiteRD "65"]
[BlackElo "1387"]
[BlackRD "62"]
[GameID "463379"]

1. e4 e5 2. Nf3 Nc6 3. Bc4 Bc5 4. Bxf7+ Kxf7 5. O-O Nf6 6. Ng5+ Kg6 7. h4 Rf8 8. d3 d6 9. c3 h6 10. Nh3 Kh7
11. Be3 Bxe3 12. fxe3 Ng4 13. Rxf8 Qxf8 14. Qe2 Be6 15. Nd2 Qe7 16. g3 Rf8 17. Kg2 Rf2+ 18. Nxf2 Qf7 19. Nxg4 Ne7 20. Rf1 Qe8
21. Nh2 Ng6 22. b3 Qd7 23. Rf2 Qe7 24. h5 Nf8 25. c4 Nd7 26. Kg1 Qg5 27. Ndf1 Nf6 28. g4 Nxh5 29. Rg2 Nf6 30. Nf3 Qg6
31. N1h2 Nxg4 32. Nh4 Qg5 33. Nxg4 Qxh4 34. Rh2 Qg5 35. Rg2 Qe7 36. Nh2 g5 37. Nf1 b6 38. Qh5 a5 39. Qh2
1-0

[Event "Autumn Chess Of Love"]
[Site "SchemingMind.com"]
[Date "2020.12.16"]
[Round "-"]
[White "cnile"]
[Black "Mitch The Man"]
[Result "1-0"]
[WhiteCountry "SCO"]
[BlackCountry "USA"]
[WhiteElo "1433"]
[WhiteRD "62"]
[BlackElo "1293"]
[BlackRD "67"]
[GameID "463380"]

1. e4 e6 2. Nf3 d6 3. d4 Be7 4. Bc4 Bd7 5. Nc3 c6 6. Be3 Bf6 7. Qd2 Ne7 8. O-O O-O 9. e5 dxe5 10. dxe5 Ng6
11. exf6 Qxf6 12. Rad1 Rd8 13. Bg5
1-0

[Event "Autumn Chess Of Love"]
[Site "SchemingMind.com"]
[Date "2020.12.16"]
[Round "-"]
[White "cnile"]
[Black "ray winteringham"]
[Result "1-0"]
[WhiteCountry "SCO"]
[BlackCountry "ENG"]
[WhiteElo "1445"]
[WhiteRD "63"]
[BlackElo "1469"]
[BlackRD "49"]
[GameID "463381"]

1. e4 d5 2. d4 dxe4 3. f3 c6 4. fxe4 g6 5. Nc3 Bg7 6. Nf3 Bg4 7. Be2 Bxf3 8. gxf3 e6 9. Be3 Ne7 10. Qd2 Nd7
11. O-O-O O-O 12. h4 h5 13. f4 b5 14. d5 Bxc3 15. Qxc3 cxd5 16. e5 Nf5 17. Bf2 a6 18. Rhg1 Kh7 19. Kb1 Nxh4 20. Qd3 Nf5
21. Qh3 Nc5 22. Bxh5 gxh5 23. Qxh5+ Nh6 24. Rh1 f6 25. Qxh6+ Kg8 26. Qh7#
1-0

[Event "Autumn Chess Of Love"]
[Site "SchemingMind.com"]
[Date "2020.12.15"]
[Round "-"]
[White "ray winteringham"]
[Black "cnile"]
[Result "0-1"]
[WhiteCountry "ENG"]
[BlackCountry "SCO"]
[WhiteElo "1469"]
[WhiteRD "49"]
[BlackElo "1445"]
[BlackRD "63"]
[GameID "463382"]

1. e4 e5 2. Nf3 Nc6 3. Be2 Bc5 4. O-O d6 5. h3 Be6 6. d3 Nf6 7. c4 O-O 8. Bd2 Qd7 9. b4 Bd4 10. Bc3 Bxc3
11. Nxc3 Nxb4 12. a3 Nc6 13. Rb1 a6 14. Rxb7 Rab8 15. Qb1 Rfc8 16. d4 Bxh3 17. Rxb8 Rxb8 18. Ng5 Rxb1 19. Rxb1 h6 20. Nxh3 a5
21. d5 Nd4 22. Bd3 Qg4 23. Re1 Nf3+ 24. Kf1 Nxe1 25. Kxe1 Qxg2 26. Bf1 Qg4 27. Kd2 Nxe4+ 28. Nxe4 Qxe4 29. Be2 Qd4+ 30. Bd3 Qb2+
31. Ke3 Qxa3 32. f3 g6 33. Nf2 Qc1+ 34. Ke2 a4
0-1

[Event "Autumn Chess Of Love"]
[Site "SchemingMind.com"]
[Date "2020.12.21"]
[Round "-"]
[White "Mitch The Man"]
[Black "Pol MacGilla tSamhais"]
[Result "1-0"]
[WhiteCountry "USA"]
[BlackCountry "IRL"]
[WhiteElo "1336"]
[WhiteRD "65"]
[BlackElo "1238"]
[BlackRD "84"]
[GameID "463648"]

1. e4 c6 2. Bc4 e5 3. Nc3 d6 4. Nge2 Nf6 5. h3 Be7 6. O-O O-O 7. Ng3 g6 8. a4 d5 9. exd5 cxd5 10. Bb3 d4
11. Nce4 Nxe4 12. Nxe4 Bf5 13. Ng3 Qd7 14. Nxf5 Qxf5 15. d3 Nc6 16. Kh2 Nb4 17. g3 Rac8 18. Bc4 Bg5 19. Bxg5 Qxg5 20. a5 a6
21. Ra4 Qe7 22. Qd2 Nc6 23. Re1 Qf6 24. Bd5 Rc7 25. Bxc6 Qxc6 26. Rc4 Qd7 27. Rxc7 Qxc7 28. f3 f6 29. Ra1 f5 30. Qb4 g5
31. Qb3+ Kh8 32. Ra4 f4 33. g4 b5 34. Rb4 h6 35. Kg2 Qxa5 36. c4 bxc4 37. Qxc4 Qa1 38. Qe6 a5 39. Qxh6+ Kg8 40. Qxg5+ Kh7
41. Rb7+
1-0

[Event "Autumn Chess Of Love"]
[Site "SchemingMind.com"]
[Date "2020.12.20"]
[Round "-"]
[White "Pol MacGilla tSamhais"]
[Black "Mitch The Man"]
[Result "0-1"]
[WhiteCountry "IRL"]
[BlackCountry "USA"]
[WhiteElo "1238"]
[WhiteRD "84"]
[BlackElo "1336"]
[BlackRD "65"]
[GameID "463649"]

1. e4 e5 2. Nf3 d6 3. d4 Qe7 4. dxe5 dxe5 5. Bb5+ c6 6. Ba4 Qb4+ 7. Bd2 Qxe4+ 8. Qe2 Qxa4 9. b3 Qb5 10. Qxb5 cxb5
11. O-O Bd6 12. Nc3 Ne7 13. Rad1 a6 14. Rfe1 O-O 15. Nxe5 Bxe5 16. Rxe5 Nec6 17. Rg5 Nd4 18. Rc1 Ne6 19. Re5 Nc6 20. Re2 Ncd4
21. Re3 Nf5 22. Re4 Nd6 23. Rg4 Nd8 24. Bh6 Nf5 25. Bf4 Nd4 26. Bd6 Re8 27. Bc5 Bxg4 28. Bxd4 Nc6 29. Bc5 Red8 30. Ne4 Rd5
31. f3 Bf5 32. Bf2 Bxe4 33. fxe4 Rd2 34. Be3 Re2 35. Bg5 Nd4
0-1

[Event "Autumn Chess Of Love"]
[Site "SchemingMind.com"]
[Date "2020.12.25"]
[Round "-"]
[White "cnile"]
[Black "Pol MacGilla tSamhais"]
[Result "1-0"]
[WhiteCountry "SCO"]
[BlackCountry "IRL"]
[WhiteElo "1433"]
[WhiteRD "61"]
[BlackElo "1201"]
[BlackRD "83"]
[GameID "463650"]

1. e4 c6 2. c4 e5 3. Nf3 d6 4. Be2 Nf6 5. Nc3 Be7 6. O-O O-O 7. d4 Qc7 8. d5 c5 9. h3 Nh5 10. Ne1 Nf4
11. Bf3 f5 12. Nd3 Nxd3 13. Qxd3 f4 14. a3 Nd7 15. Bd2 Nf6 16. Rfc1 b6 17. b4 Bd7 18. b5 Qd8 19. a4 g6 20. Ne2 a5
21. Kh2 g5 22. Rh1 g4 23. hxg4 Bxg4 24. Rag1 Kh8 25. g3 Bxf3 26. Qxf3 Qe8 27. gxf4 exf4 28. Qxf4 Nh5 29. Qe3 Qd7 30. Kg2 Nf6
31. Kf1 Ng4 32. Qc3+ Kg8 33. Qh3 Rxf2+ 34. Ke1 Raf8 35. Qxh7#
1-0

[Event "Autumn Chess Of Love"]
[Site "SchemingMind.com"]
[Date "2020.12.24"]
[Round "-"]
[White "Pol MacGilla tSamhais"]
[Black "cnile"]
[Result "0-1"]
[WhiteCountry "IRL"]
[BlackCountry "SCO"]
[WhiteElo "1201"]
[WhiteRD "83"]
[BlackElo "1433"]
[BlackRD "61"]
[GameID "463651"]

1. e4 e5 2. Nf3 Nc6 3. Bc4 Nf6 4. d3 Be7 5. O-O d5 6. exd5 Nxd5 7. Bxd5 Qxd5 8. Re1 O-O 9. c4 Qd8 10. Nxe5 Nxe5
11. Rxe5 Bf6 12. Re1 Be6 13. Nd2 Qxd3 14. Nf3 Qxc4 15. b3 Qa6 16. Rb1 Qxa2 17. Be3 Rfd8 18. Nd2 Bxb3 19. Qc1 Qc2 20. Qxc2 Bxc2
21. Rbc1 Bf5 22. Nf3 c6 23. Rc5 Be6 24. g3 Bg4 25. Ng5 h6 26. Ne4 a6 27. Nxf6+ gxf6 28. Bxh6 Rd5 29. Rxd5 cxd5 30. Kg2 b5
31. h3 Be6 32. Rc1 b4
0-1

[Event "Autumn Chess Of Love"]
[Site "SchemingMind.com"]
[Date "2020.12.21"]
[Round "-"]
[White "ray winteringham"]
[Black "Pol MacGilla tSamhais"]
[Result "0-1"]
[WhiteCountry "ENG"]
[BlackCountry "IRL"]
[WhiteElo "1437"]
[WhiteRD "52"]
[BlackElo "1238"]
[BlackRD "84"]
[GameID "463652"]

1. c4 e6 2. Nc3 Nf6 3. Nf3 d5 4. cxd5 exd5 5. d4 Bb4 6. Bd2 O-O 7. e3 Bxc3 8. Bxc3 Bg4 9. Be2 Bxf3 10. Bxf3 c6
11. Qb3 Qc7 12. O-O Nbd7 13. h3 Rfe8 14. g4 Re7 15. Rab1 Ne4 16. Bxe4 Rxe4 17. Qc2 Nf6 18. Qe2 Re7 19. Bd2 Ne4 20. Bb4 Ree8
21. Be1 Re6 22. Kg2 Rae8 23. a3 g6 24. Rc1 f5 25. Bd2 Qb6 26. b4 Qc7 27. f4 fxg4 28. hxg4 Qg7 29. g5 Qc7 30. a4 a6
31. b5 axb5 32. axb5 Nxd2 33. Qxd2 Rxe3 34. Qb4 Qd7 35. Rf2 Qh3+ 36. Kg1 Rg3+ 37. Rg2 Qxg2#
0-1

[Event "Autumn Chess Of Love"]
[Site "SchemingMind.com"]
[Date "2020.12.21"]
[Round "-"]
[White "Pol MacGilla tSamhais"]
[Black "ray winteringham"]
[Result "0-1"]
[WhiteCountry "IRL"]
[BlackCountry "ENG"]
[WhiteElo "1299"]
[WhiteRD "104"]
[BlackElo "1469"]
[BlackRD "49"]
[GameID "463653"]

1. e4 c5 2. Nf3 Nc6 3. Bb5 Qc7 4. Na3 a6 5. Bxc6 Qxc6 6. d3 f6 7. O-O e5 8. Be3 Bd6 9. c4 b6 10. b3 Bb7
11. Nd2 Ne7 12. Qg4 g6 13. Qh4 g5 14. Qh5+ Ng6 15. Nc2 O-O-O 16. Qf3 Rdf8 17. Rab1 h5 18. g4 hxg4 19. Qxg4 Rh4 20. Qf5 Ne7
21. Qf3 f5 22. exf5 Qxf3 23. Nxf3 Bxf3 24. Bxg5 Rg4#
0-1

[Event "Autumn Chess Of Love"]
[Site "SchemingMind.com"]
[Date "2020.12.26"]
[Round "-"]
[White "Mitch The Man"]
[Black "Phillip Beckett"]
[Result "0-1"]
[WhiteCountry "USA"]
[BlackCountry "ENG"]
[WhiteElo "1293"]
[WhiteRD "67"]
[BlackElo "1451"]
[BlackRD "50"]
[GameID "463820"]

1. e4 e5 2. Bc4 Nf6 3. d3 d6 4. h3 Be7 5. Bxf7+ Kxf7 6. Nf3 Rf8 7. Ng5+ Kg8 8. O-O h6 9. Nf3 Qe8 10. Nh2 Qg6
11. Qf3 Nh5
0-1

[Event "Autumn Chess Of Love"]
[Site "SchemingMind.com"]
[Date "2020.12.26"]
[Round "-"]
[White "Phillip Beckett"]
[Black "Mitch The Man"]
[Result "1-0"]
[WhiteCountry "ENG"]
[BlackCountry "USA"]
[WhiteElo "1440"]
[WhiteRD "48"]
[BlackElo "1268"]
[BlackRD "65"]
[GameID "463821"]

1. e4 e5 2. Nf3 Nc6 3. Bb5 Bd6 4. c3 Nf6 5. O-O O-O 6. d3 h6 7. Nbd2 a6 8. Ba4 b5 9. Bc2 Bb7 10. Re1 Ne7
11. Nf1 Ng6 12. Ng3 c5 13. h3 Bc7 14. Nf5 Kh7 15. a4 d6 16. axb5 a5 17. b4 cxb4 18. cxb4 Bb6 19. bxa5 Bxa5 20. Bd2 Bxd2
21. Qxd2 Rxa1 22. Rxa1 Nf4 23. Kh2 g5 24. g3 Ne6 25. h4 Qb6 26. hxg5 hxg5 27. Nxg5+ Nxg5 28. Qxg5
1-0

[Event "Autumn Chess Of Love"]
[Site "SchemingMind.com"]
[Date "2020.12.27"]
[Round "-"]
[White "cnile"]
[Black "Phillip Beckett"]
[Result "1-0"]
[WhiteCountry "SCO"]
[BlackCountry "ENG"]
[WhiteElo "1387"]
[WhiteRD "62"]
[BlackElo "1445"]
[BlackRD "50"]
[GameID "463822"]

1. c4 e5 2. g3 Nf6 3. Bg2 d5 4. cxd5 Nxd5 5. Nc3 Nxc3 6. bxc3 c6 7. d3 Be7 8. e3 O-O 9. Ne2 Nd7 10. O-O Nb6
11. Bb2 Be6 12. Re1 Bf6 13. a4 Bd5 14. e4 Be6 15. Kh1 Qd7 16. f4 Rfd8 17. f5 Bxf5 18. exf5 Qxf5 19. Be4 Qg4 20. a5 Nd7
21. Ra4 Qh3 22. Bg2 Qh5 23. Bc1 Nc5 24. Ra1 e4 25. d4 Nd3 26. Rf1 Bg5 27. Bxg5 Qxg5 28. Bxe4
1-0

[Event "Autumn Chess Of Love"]
[Site "SchemingMind.com"]
[Date "2020.12.27"]
[Round "-"]
[White "Phillip Beckett"]
[Black "cnile"]
[Result "0-1"]
[WhiteCountry "ENG"]
[BlackCountry "SCO"]
[WhiteElo "1445"]
[WhiteRD "50"]
[BlackElo "1387"]
[BlackRD "62"]
[GameID "463823"]

1. e4 e5 2. Nf3 Nc6 3. Bb5 a6 4. Ba4 Nf6 5. O-O b5 6. Bb3 Be7 7. Re1 O-O 8. c3 d5 9. exd5 Nxd5 10. Nxe5 Nxe5
11. Rxe5 c6 12. d4 Bd6 13. Re1 Qh4 14. g3 Qh3 15. Be3 Bg4 16. Qd3 Rae8 17. Nd2 Re6 18. Qf1 Qh5 19. a4 f5 20. Bd1 Bxd1
21. Rexd1 Kh8 22. axb5 axb5 23. Ra7 Nxe3 24. fxe3 Rxe3 25. Re1 f4 26. Rxe3 fxe3 27. Nf3 Qxf3 28. Qxf3 Rxf3 29. Ra8+ Rf8 30. Rxf8+ Bxf8
31. Kf1 g6 32. Ke2 Bh6 33. h4 Kg8 34. g4 Bf4 35. g5 Kf7
0-1

[Event "Autumn Chess Of Love"]
[Site "SchemingMind.com"]
[Date "2020.12.26"]
[Round "-"]
[White "Phillip Beckett"]
[Black "ray winteringham"]
[Result "0-1"]
[WhiteCountry "ENG"]
[BlackCountry "ENG"]
[WhiteElo "1440"]
[WhiteRD "48"]
[BlackElo "1469"]
[BlackRD "49"]
[GameID "463824"]

1. e4 c5 2. Nf3 Nc6 3. d4 cxd4 4. Nxd4 e5 5. Nb5 a6 6. Nd6+ Bxd6 7. Qxd6 Qe7 8. Qxe7+ Ngxe7 9. c3 h6 10. Bd3 d6
11. Na3 Be6 12. Nc4 Bxc4 13. Bxc4 O-O 14. Be3 b5 15. Bb3 Kh8 16. O-O f5 17. Bd5 Nxd5 18. exd5 Ne7 19. Rad1 g5 20. Bb6 Nc8
21. Bc7 Rf7 22. Ba5 Rd7 23. b3 Ne7 24. Rfe1 f4 25. Bb4 a5 26. Ba3 b4 27. Bb2 Rc7 28. c4 Kh7 29. f3 Nf5 30. Kf2 a4
31. Ra1 a3 32. Bc1 Nd4 33. Bd2 Nc2 34. Rac1 Nxe1 35. Rxe1 Re8 36. Re4 Kg6 37. g4 h5 38. h3 hxg4 39. hxg4 Rh8 40. Kg2 Rhh7
41. Re1 Rc8 42. Bxb4 Rch8 43. Bxa3 Rh2+ 44. Kf1 Rh1+ 45. Ke2 R8h2+ 46. Kd1 Rxe1+ 47. Kxe1 Rxa2 48. Bxd6 Kf6 49. c5 Ra6 50. c6 Kf7
51. b4 Ke8 52. b5 Rb6 53. Bxe5 Rxb5 54. c7 Kd7 55. Kd2 Rxd5+ 56. Kc3 Rxe5 57. Kd4 Ra5
0-1

[Event "Autumn Chess Of Love"]
[Site "SchemingMind.com"]
[Date "2020.12.26"]
[Round "-"]
[White "ray winteringham"]
[Black "Phillip Beckett"]
[Result "0-1"]
[WhiteCountry "ENG"]
[BlackCountry "ENG"]
[WhiteElo "1469"]
[WhiteRD "49"]
[BlackElo "1440"]
[BlackRD "48"]
[GameID "463825"]

1. g3 g6 2. Bg2 Bg7 3. Nf3 d6 4. d4 Nf6 5. O-O O-O 6. c4 Nbd7 7. Nbd2 c5 8. e3 cxd4 9. exd4 a6 10. b4 Rb8
11. Rb1 b6 12. a4 Bb7 13. d5 Qc7 14. Ba3 Ne8 15. Nb3 Ne5 16. Nxe5 Bxe5 17. Rc1 Bg7 18. b5 a5 19. Qe2 Nf6 20. Bb2 Bc8
21. Bxf6 Bxf6 22. Nd2 e5 23. f4 exf4 24. Rxf4 Be5 25. Rf3 Bg4 26. Rcf1 Bxf3 27. Bxf3 Rbe8 28. Qd1 Bd4+ 29. Kg2 Bc5 30. Bg4 Qe7
31. Bf3 f5 32. Kh1 Qe3 33. Kg2 f4 34. g4 Qd3 35. h4 Re3 36. Rf2 Rfe8 37. Qf1 Qxf1+ 38. Nxf1 Ra3 39. Rd2 Be3 40. Nxe3 fxe3
41. Re2 Rxa4 42. Rc2 Ra1 43. g5 a4 44. Be2 a3 45. Bg4 a2 46. Be6+ Kg7 47. Kf3 Rf1+
0-1

[Event "Autumn Chess Of Love"]
[Site "SchemingMind.com"]
[Date "2020.12.29"]
[Round "-"]
[White "Phillip Beckett"]
[Black "Pol MacGilla tSamhais"]
[Result "1-0"]
[WhiteCountry "ENG"]
[BlackCountry "IRL"]
[WhiteElo "1445"]
[WhiteRD "50"]
[BlackElo "1238"]
[BlackRD "84"]
[GameID "463826"]

1. e4 c6 2. d4 Nf6 3. Nc3 d5 4. exd5 cxd5 5. Nf3 Bg4 6. Be2 Bxf3 7. Bxf3 e6 8. O-O Bd6 9. Re1 Qc7 10. Nb5 Qb6
11. Nxd6+ Qxd6 12. c3 O-O 13. Be3 Nbd7 14. Qd2 Ne4 15. Bxe4 dxe4 16. g3 f5 17. Bf4 Qe7 18. Qe3 Nb6 19. f3 Nc4 20. Qe2 exf3
21. Qxf3 Nxb2 22. d5 Qc5+ 23. Be3 Qxc3 24. dxe6 Nd3 25. Red1 b6 26. Bd2 Qc5+ 27. Be3 Ne5 28. Bxc5 Nxf3+ 29. Kf2 Nxh2 30. Bxf8 Kxf8
31. Rd7 Re8 32. Re1 Ng4+ 33. Kg1 a5 34. e7+ Kf7 35. Rd8 Rxe7 36. Rxe7+ Kxe7 37. Rb8 h5 38. Rxb6 h4 39. gxh4 f4 40. Rb7+ Kf6
41. Ra7 f3 42. Rxa5 f2+ 43. Kf1 Ne3+ 44. Kxf2
1-0

[Event "Autumn Chess Of Love"]
[Site "SchemingMind.com"]
[Date "2020.12.29"]
[Round "-"]
[White "Pol MacGilla tSamhais"]
[Black "Phillip Beckett"]
[Result "1/2-1/2"]
[WhiteCountry "IRL"]
[BlackCountry "ENG"]
[WhiteElo "1299"]
[WhiteRD "104"]
[BlackElo "1440"]
[BlackRD "48"]
[GameID "463827"]

1. e4 e5 2. Nf3 Nc6 3. d4 exd4 4. Nxd4 Bc5 5. c3 Qf6 6. Be3 Nxd4 7. cxd4 Bb4+ 8. Nc3 Ne7 9. a3 Bxc3+ 10. bxc3 c6
11. Bd3 O-O 12. O-O d5 13. e5 Qe6 14. Bg5 Ng6 15. Qe2 f6 16. exf6 gxf6 17. Bh6 Rf7 18. Rae1 Qxe2 19. Rxe2 Bg4 20. f3 Bd7
21. Bxg6 hxg6 22. Rb1 Kh7 23. Rxb7 Be8 24. Rxf7+ Bxf7 25. Bc1 Re8 26. Rxe8 Bxe8 27. g4 Kg7 28. f4 Bd7=
1/2-1/2

[Event "Autumn Chess Of Love"]
[Site "SchemingMind.com"]
[Date "2021.01.02"]
[Round "-"]
[White "Mitch The Man"]
[Black "malcolm chugg"]
[Result "1-0"]
[WhiteCountry "USA"]
[BlackCountry "WLS"]
[WhiteElo "1268"]
[WhiteRD "65"]
[BlackElo "1205"]
[BlackRD "52"]
[GameID "464154"]

1. d4 e5 2. dxe5 Nc6 3. Nf3 d6 4. h3 Nge7 5. exd6 cxd6 6. e3 a6 7. c3 Ng6 8. Bd3 Nge5 9. Nxe5 Nxe5 10. Be2 Be7
11. O-O O-O 12. b4 Bd7 13. a4 Bf6 14. a5 b6 15. Bb2 Nc6 16. Qxd6 Be7 17. Qd1 Bf6 18. Qd2 Qc7 19. Bf3 Rad8 20. Qe2 Qe5
21. Rd1 Qb5 22. c4 Qe5 23. Bxe5 Bxe5 24. Ra4 Bf5 25. Rxd8 Nxd8 26. axb6 Bc8 27. Be4 Kh8 28. f4 Bd6 29. c5 Bb8 30. Qd3 g6
31. Bd5 Be6 32. Bxe6 fxe6 33. Rxa6 Nc6 34. Qc3+ Kg8 35. b7 Ne7 36. Rxe6 Nd5 37. Qd4 Nc7 38. Re7 h5 39. Qg7#
1-0

[Event "Autumn Chess Of Love"]
[Site "SchemingMind.com"]
[Date "2021.01.02"]
[Round "-"]
[White "malcolm chugg"]
[Black "Mitch The Man"]
[Result "1-0"]
[WhiteCountry "WLS"]
[BlackCountry "USA"]
[WhiteElo "1205"]
[WhiteRD "52"]
[BlackElo "1268"]
[BlackRD "65"]
[GameID "464155"]

1. e3 e6 2. d4 d5 3. Nf3 Bd6 4. Nc3 Ne7 5. Be2 O-O 6. O-O c6 7. e4 Nd7 8. Bg5 Qe8 9. Re1 f6 10. Be3 a6
11. Bd3 b5 12. Ne2 Bb7 13. Nc3 Qd8 14. Ne2 Qc7 15. Qd2 a5 16. Bf4 Bxf4 17. Nxf4 Rf7 18. Nxe6 Qd6 19. Nf4 dxe4 20. Bxe4 Ra7
21. Rad1 f5 22. Bd3 Qf6 23. Re3 g6 24. c4 b4 25. b3 Kg7 26. Rde1 Ra6 27. Rb1 h6 28. h4 c5 29. d5 Kf8 30. Ne6+ Kg8
31. Nd8 Rh7 32. Nxb7 Qb6 33. d6
1-0

[Event "Autumn Chess Of Love"]
[Site "SchemingMind.com"]
[Date "2021.01.07"]
[Round "-"]
[White "cnile"]
[Black "malcolm chugg"]
[Result "0-1"]
[WhiteCountry "SCO"]
[BlackCountry "WLS"]
[WhiteElo "1445"]
[WhiteRD "63"]
[BlackElo "1205"]
[BlackRD "52"]
[GameID "464156"]

1. e4 e6 2. d4 Nc6 3. Nc3 Bb4 4. Nf3 Bxc3+ 5. bxc3 d5 6. e5 h6 7. Bd3 Bd7 8. Bd2 Qe7 9. a3 O-O-O 10. O-O g5
11. c4 Rf8 12. cxd5 exd5 13. c3 Nd8 14. Qa4 Bxa4
0-1

[Event "Autumn Chess Of Love"]
[Site "SchemingMind.com"]
[Date "2021.01.07"]
[Round "-"]
[White "malcolm chugg"]
[Black "cnile"]
[Result "0-1"]
[WhiteCountry "WLS"]
[BlackCountry "SCO"]
[WhiteElo "1147"]
[WhiteRD "50"]
[BlackElo "1433"]
[BlackRD "61"]
[GameID "464157"]

1. e3 e5 2. Bb5 c6 3. Bd3 Nf6 4. Nc3 d5 5. Qe2 e4 6. Bxe4 dxe4 7. f3 Bf5 8. fxe4 Bxe4 9. d3 Bg6 10. b3 Bb4
11. Bd2 O-O 12. a3 Bd6 13. Nf3 Nbd7 14. b4 Re8 15. O-O Ne5 16. e4 Rc8 17. d4 Nxf3+ 18. Qxf3 Bxe4 19. Qh3 Bxc2 20. Rac1 Bb3
21. Nb1 Be6 22. Qh4 Nd5 23. Qxd8 Rcxd8 24. Bg5 Be7 25. Bd2 Bf6 26. Kh1 h6 27. Rf3 Bxd4 28. Bc3 Nxc3 29. Nxc3 Bxc3 30. Rfxc3 Bd5
31. R3c2 Re3 32. Rc3 Rxc3 33. Rxc3 Bc4 34. h3 b5 35. Kh2 Rd3 36. Rxd3 Bxd3 37. Kg3 g5 38. Kf2 f5 39. Kg1 Kf7 40. Kf2 Ke6
41. Ke3 Be4 42. g3 Kd5 43. h4 Kc4 44. g4 gxh4 45. gxf5 h3 46. f6 Bg6
0-1

[Event "Autumn Chess Of Love"]
[Site "SchemingMind.com"]
[Date "2021.01.02"]
[Round "-"]
[White "Phillip Beckett"]
[Black "malcolm chugg"]
[Result "0-1"]
[WhiteCountry "ENG"]
[BlackCountry "WLS"]
[WhiteElo "1440"]
[WhiteRD "48"]
[BlackElo "1205"]
[BlackRD "52"]
[GameID "464158"]

1. e4 e5 2. Nf3 d6 3. d4 f6 4. dxe5 fxe5 5. Bc4 Bg4 6. h3 Bd7 7. O-O Qe7 8. Qd5 c6 9. Qd2 b5 10. Bd3 Na6
11. c3 O-O-O 12. Qg5 Nc5 13. Qxe7 Bxe7 14. Bc2 Ne6 15. Nbd2 Nf6 16. a4 Nc5 17. axb5 cxb5 18. Rxa7 Kb8 19. Ra1 Kc7 20. Ra7+ Nb7
21. c4 Nh5 22. cxb5 Bxb5 23. Re1 Ra8 24. Rxa8 Rxa8 25. Nb3 Ba4 26. Bg5 Kd7 27. Bxe7 Kxe7 28. Na1 Nc5 29. Bxa4 Nxa4 30. b3 Nc5
31. Nd2 Nf4 32. Nc2 Ra2 33. Ne3 Rxd2 34. Nc4 Rd3 35. Nb2 Rxb3 36. Nc4 Rc3
0-1

[Event "Autumn Chess Of Love"]
[Site "SchemingMind.com"]
[Date "2021.01.02"]
[Round "-"]
[White "malcolm chugg"]
[Black "Phillip Beckett"]
[Result "0-1"]
[WhiteCountry "WLS"]
[BlackCountry "ENG"]
[WhiteElo "1205"]
[WhiteRD "52"]
[BlackElo "1440"]
[BlackRD "48"]
[GameID "464159"]

1. e3 e5 2. Nf3 d6 3. Nc3 Nf6 4. d4 exd4 5. exd4 Be7 6. Bc4 O-O 7. Qd3 Nc6 8. O-O g6 9. Ng5 d5 10. Bb3 Ne4
11. Nf3 Nxc3 12. Qxc3 Bf6 13. Re1 Bg4 14. Be3 Bg7 15. Bd2 Qd6 16. Re3 Rfe8 17. Rae1 Kf8 18. Qc5 Qxc5 19. dxc5 d4 20. Rd3 Rxe1+
21. Bxe1 Bxf3 22. gxf3 Re8 23. Bd2 Ne5 24. Rxd4 Nxf3+ 25. Kg2 Nxd2 26. Rxd2 f5 27. Rd7 Re7 28. Rxe7 Kxe7 29. Bd5 c6 30. Bc4 Bxb2
31. a4 Ba3 32. f4 Bxc5 33. Kg3 h6 34. h4 Kf6 35. Kh3 a6 36. Bb3 b5 37. c3 Be3 38. Kg3 c5 39. c4 b4 40. Kf3 Bd2
41. Kg3 a5 42. Bc2 g5 43. fxg5+ hxg5 44. hxg5+ Kxg5 45. Kf3 f4 46. Bb3 Kf5 47. Bc2+ Ke5 48. Bb3 Kd4 49. Ke2 Be3 50. Kf3 Kc3
51. Bd1 b3 52. Bxb3 Kxb3
0-1

[Event "Autumn Chess Of Love"]
[Site "SchemingMind.com"]
[Date "2021.01.02"]
[Round "-"]
[White "malcolm chugg"]
[Black "ray winteringham"]
[Result "0-1"]
[WhiteCountry "WLS"]
[BlackCountry "ENG"]
[WhiteElo "1205"]
[WhiteRD "52"]
[BlackElo "1469"]
[BlackRD "49"]
[GameID "464160"]

1. e3 e5 2. Bb5 c6 3. Ba4 d5 4. d3 Bd6 5. Nc3 Nf6 6. h3 b5 7. Bb3 Bb7 8. a4 b4 9. Nce2 a5 10. Nf3 Nbd7
11. d4 e4 12. Nd2 Qc7 13. g3 Nh5 14. Ba2 O-O-O 15. f4 g5 16. g4 Ng7 17. c4 gxf4 18. c5 Be7 19. Nxf4 Ba6 20. Rh2 Bh4+
21. Rf2 Bxf2+ 22. Kxf2 Kb7 23. b3 f5 24. Bb2 Rde8 25. Qh1 fxg4 26. hxg4 Nf6 27. Qh4 Qf7 28. g5 Ngh5 29. gxf6 Nxf4 30. Qxf4 Qh5
31. Nf1 Ref8 32. Qd6 Qh6 33. Qd7+ Kb8 34. Qxc6 Rxf6+ 35. Qxf6 Qxf6+ 36. Kg2 Rg8+ 37. Ng3 Qf3+ 38. Kh2 Qf2+ 39. Kh1 Rxg3
0-1

[Event "Autumn Chess Of Love"]
[Site "SchemingMind.com"]
[Date "2021.01.02"]
[Round "-"]
[White "ray winteringham"]
[Black "malcolm chugg"]
[Result "0-1"]
[WhiteCountry "ENG"]
[BlackCountry "WLS"]
[WhiteElo "1469"]
[WhiteRD "49"]
[BlackElo "1205"]
[BlackRD "52"]
[GameID "464161"]

1. g3 c5 2. Bg2 d5 3. d4 c4 4. c3 b5 5. Bf4 Nc6 6. e4 e6 7. e5 Be7 8. Ne2 f5 9. O-O Bb7 10. Nd2 g5
11. Be3 h6 12. f4 g4 13. b3 Na5 14. a4 b4 15. bxc4 bxc3 16. Nxc3 Ba6 17. Nb5 h5 18. h4 Nh6 19. Na3 O-O 20. Nb5 Bxb5
21. cxb5 Qb6 22. Qe2 Rac8 23. Rfc1 Rc7 24. Rxc7 Qxc7 25. Qd3 Rc8 26. Kh2 Qc3 27. Qxc3 Rxc3 28. Bf1 Rxe3 29. Rb1 Bd8 30. Kg2 Bb6
31. Rc1 Kf7 32. Kf2 Ra3 33. Rc8 Bxd4+ 34. Ke2 Re3+ 35. Kd1 Rxg3 36. Be2 Ra3 37. Kc2 Rh3 38. Nb3 Nxb3 39. Rc7+ Kg8 40. Bd3 Na1+
41. Kd2 Rh2+ 42. Be2 g3 43. Rc1 Nb3+ 44. Kd1 Nxc1
0-1